Statystyki dla Jackie Chan - wszystkie filmy

Kliknij tutaj aby rozwiązać quiz!

Ogólne statystyki

  • Ten quiz został rozwiązany 7 razy
  • Średni wynik to 15 z 80

Statystyki odpowiedzi

RokFilm% Poprawnych
1998Godziny szczytu
67%
2001Godziny szczytu 2
67%
2007Godziny szczytu 3
67%
2010Karate Kid
50%
1978Pijany mistrz
50%
1997Przyjemniaczek
50%
2010Nasza niania jest agentem
33%
2002Smoking
33%
20111911
17%
2001Agent z przypadku
17%
1992Bliźniacze smoki
17%
2012Chiński zodiak
17%
2017Cudzoziemiec
17%
1989Czyniący cuda
17%
2016Dorwać Wattsa
17%
1995Draka w Bronksie
17%
1999Gliny
17%
2009Incydent
17%
1984Interes na kółkach
17%
1982Król smoków
17%
2017Krwawa rozgrywka
17%
2009Kung Fu Master
17%
2017Kung Fu Yoga
17%
1994Legenda pijanego mistrza
17%
2010Mały wielki wojownik
17%
2003Medalion
17%
1993Miejski łowca
17%
1978Mistrz Jiang
17%
2005Mit
17%
1980Młody mistrz
17%
1985Moje szczęśliwe gwiazdki
17%
1985Na celowniku
17%
2006Niania w akcji
17%
1979Nieustraszona Hiena
17%
1983Nieustraszona hiena 2
17%
1978Niezwykła eskorta
17%
2004Nowa policyjna opowieść
17%
1976Nowa wściekła pięść
17%
2004Ostrze róży
17%
1996Pierwsze uderzenie
17%
1985Policyjna opowieść
17%
1988Policyjna opowieść 2
17%
2013Policyjna opowieść 2013
17%
1992Policyjna opowieść 3: Superglina
17%
1993Policyjna opowieść 4: Projekt S
17%
1983Projekt A
17%
1987Projekt A 2
17%
1985Protektor
17%
1993Przestępcza opowieść
17%
1976Ręka śmierci
17%
2019Rycerz cieni
17%
1985Serce smoka
17%
1978Siedem pięści
17%
1997Spalić Hollywood
17%
1995Szybszy od błyskawicy
17%
1978Tajemna księga węża i żurawia
17%
2019Tajemnica pieczęci smoka
17%
2016Tygrysy ze stacji Shagou
17%
2020Vanguard
17%
2004W 80 dni dookoła świata
17%
1978Wąż i cień orła
17%
1973Wejście smoka
17%
1980Wielka rozróba
17%
1990Więzień
17%
2015Wojna imperiów
17%
1972Wściekłe pięści
17%
1999Wspaniały
17%
1981Wyścig armatniej kuli
17%
1984Wyścig armatniej kuli II
17%
2008Zakazane królestwo
17%
1986Zbroja Boga
17%
1991Zbroja Boga 2: Operacja Kondor
17%
1998Zgadnij, kim jestem?
17%
1983Zwycięzcy i grzesznicy
17%
2000Kowboj z Szanghaju
0%
1979Pięść smoka
0%
2003Rycerze z Szanghaju
0%
2011Shaolin
0%
1988Wieczne smoki
0%
1976Zemsta tygrysa z Shaolin
0%

Rozkład punktacji

Percentyl według liczby udzielonych odpowiedzi

Procent ludzi z każdym wynikiem

Twoja historia wyników

Nie rozwiązałeś tego quizu